| 000 | 01059nam0a2200325 4500 | ||
|---|---|---|---|
| 001 | RU\NLR\BIBL_A\022432841 | ||
| 005 | 20250307141206.0 | ||
| 010 |
_a978-5-04-206639-9 _915000 |
||
| 021 |
_aRU _bКН-П-24-076332 _9КН-П-24-7620 |
||
| 035 | _a(NLR Aleph) 022432841 | ||
| 090 |
_a13346037 _c13346037 |
||
| 100 | _a20250122d2024 u y0rusy50 ca | ||
| 101 | 0 | _arus | |
| 102 | _aRU | ||
| 105 | _ao z 000ay | ||
| 181 | 0 |
_ai3 _baxxe |
|
| 182 | 0 | _an | |
| 200 | 1 |
_aСамайнтаун _fАнастасия Гор |
|
| 203 |
_aТекст _bвизуальный _cнепосредственный |
||
| 210 |
_aМосква _cЭксмо, Черным бело _d2024 |
||
| 215 |
_a698, [3] с. _cил. _d21 |
||
| 320 | _aДр. кн. авт.на 2-й с. | ||
| 333 | _a18+ | ||
| 686 | 2 | _aШ6(2=Р)8-445 | |
| 700 | 1 |
_7ca _8rus _aГор _bА. _f1997- _gАнастасия _92694635 _3RU\NLR\AUTH\770289255 |
|
| 942 | _cBOOK | ||
| 980 | _aNB | ||